Zernovoje chozjajstvo strany
Príčiny nákupu obilnín v zahraničí. Podmienky rastu produkcie obilnín: rast úrodnosti, umelé hnojivá, špecializované regionálne sorty... Vplyv premiestenia výroby obilnín do oblastí sucha na pokles produkcie. Intenzifikácia výroby a znižovanie strát. Znižovanie produkcie obilnín na kęmne účely.
Salvato in:
| Autore principale: | |
|---|---|
| Altri autori: | , |
| Natura: | Capitolo di libro |
| Lingua: | russo |
| Soggetti: | |
| Tags: |
Nessun Tag, puoi essere il primo ad aggiungerne!!
|
MARC
| LEADER | 00000naa a2200000 4500 | ||
|---|---|---|---|
| 001 | r001509 | ||
| 005 | 20220819194916.3 | ||
| 041 | 0 | |a rus | |
| 044 | |a [SU] | ||
| 245 | 1 | 0 | |a Zernovoje chozjajstvo strany |c L. Vaščukov, A. Manellja, Ju. Živilin |
| 520 | |a Príčiny nákupu obilnín v zahraničí. Podmienky rastu produkcie obilnín: rast úrodnosti, umelé hnojivá, špecializované regionálne sorty... Vplyv premiestenia výroby obilnín do oblastí sucha na pokles produkcie. Intenzifikácia výroby a znižovanie strát. Znižovanie produkcie obilnín na kęmne účely. | ||
| 610 | 2 | 0 | |a obilniny |
| 610 | 2 | 0 | |a hnojivá umelé |
| 610 | 2 | 0 | |a sucho |
| 610 | 2 | 0 | |a intenzifikácia poľnohospodárstva |
| 610 | 2 | 0 | |a strata |
| 610 | 2 | 0 | |a ZSSR |
| 100 | 1 | |a Vaščukov, L. | |
| 700 | 1 | |a Manellja, A. | |
| 700 | 1 | |a Živilin, Ju. | |